[Event "Sitges Sunway 7th"]
[Site "Sitges"]
[Date "2020.12.14"]
[Round "2"]
[White "Pozanco Romasanta, Marc"]
[Black "Pellicer Roncero, Nestor"]
[Result "1-0"]
[WhiteElo "2116"]
[BlackElo "1920"]
[PlyCount "51"]
[EventDate "2020.12.13"]
[EventType "swiss"]
[EventRounds "10"]
[EventCountry "ESP"]
[SourceTitle "CBM 199 Extra"]
[Source "ChessBase"]
[SourceDate "2021.01.31"]
[SourceVersion "1"]
[SourceVersionDate "2021.01.31"]
[SourceQuality "1"]

1. d4 d5 2. c4 e6 3. Nc3 Nf6 4. cxd5 exd5 5. Bg5 Be7 6. e3 Nbd7 7. Nf3 c6 8. Qc2 Nf8 9. Bd3 Ne6 10. Bxf6 Bxf6 11. b4 g6 12. 0-0 0-0 13. Rfd1 b6 14. b5 c5 15. Nxd5 Bg7 16. Rac1 Bb7 17. dxc5 Qxd5 18. c6 Rac8 19. Bxg6 Qxb5 20. Bxh7+ Kh8 21. Be4 Ba8 22. Rd5 Qb2 23. Rh5+ Kg8 24. Bh7+ Kh8 25. Bg8+ Kxg8 26. Qh7# 1-0

[Event "Sitges Sunway op 6th"]
[Site "Sitges"]
[Date "2019.12.21"]
[Round "9"]
[White "Pellicer Roncero, Nestor"]
[Black "Seemann, Jakub"]
[Result "0-1"]
[WhiteElo "1932"]
[BlackElo "2050"]
[PlyCount "120"]
[EventDate "2019.12.13"]
[EventType "swiss"]
[EventRounds "10"]
[EventCountry "ESP"]
[SourceTitle "CBM 193 Extra"]
[Source "ChessBase"]
[SourceDate "2020.01.31"]
[SourceVersion "1"]
[SourceVersionDate "2020.01.31"]
[SourceQuality "1"]

1. d4 Nf6 2. c4 g6 3. Nc3 Bg7 4. e4 d6 5. f4 c5 6. d5 0-0 7. Nf3 e6 8. dxe6 Bxe6 9. Bd3 Nc6 10. f5 Bc8 11. 0-0 Ng4 12. Nd5 Nd4 13. Ng5 Nf6 14. Nc3 Bd7 15. Qe1 Bc6 16. Qh4 h6 17. Nxf7 Rxf7 18. fxg6 Rf8 19. Bxh6 Bxh6 20. Qxh6 Qe7 21. Nd5 Bxd5 22. exd5 Qg7 23. Qg5 Rae8 24. Rae1 Rxe1 25. Rxe1 Re8 26. Rf1 Rf8 27. Re1 Nd7 28. Re7 Qf6 29. Qxf6 Nxf6 30. h4 Re8 31. Rxb7 Ng4 32. g3 Re3 33. Rb8+ Kg7 34. Rb7+ Kf8 35. Rb8+ Ke7 36. Rb7+ Ke8 37. Rb8+ Kd7 38. g7 Rxg3+ 39. Kf1 Nf6 40. Bh7 Nxh7 41. g8Q Rxg8 42. Rxg8 Nf6 43. Rg7+ Ke8 44. Rxa7 Nf3 45. Ke2 Nxh4 46. a4 Kd8 47. Rg7 Nf5 48. Rf7 Nd4+ 49. Kd3 Nd7 50. Kc3 Ne2+ 51. Kd3 Ne5+ 52. Kxe2 Nxf7 53. Kd3 Kc7 54. Kc3 Ne5 55. b4 cxb4+ 56. Kxb4 Kb6 57. a5+ Ka6 58. Kc3 Kxa5 59. c5 dxc5 60. d6 Kb5 0-1

[Event "Llinars del Valles op-A 9th"]
[Site "Llinars del Valles"]
[Date "2015.06.13"]
[Round "9"]
[White "Pellicer Roncero, Nestor"]
[Black "Camos Ramio, Miguel"]
[Result "1-0"]
[WhiteElo "1843"]
[BlackElo "2013"]
[PlyCount "61"]
[EventDate "2015.04.11"]
[EventType "swiss"]
[EventRounds "9"]
[EventCountry "ESP"]
[SourceTitle "EXT 2018"]
[Source "ChessBase"]
[SourceDate "2017.10.13"]
[SourceVersion "1"]
[SourceVersionDate "2017.10.13"]
[SourceQuality "1"]

1. e4 c5 2. Nc3 d6 3. f4 Nc6 4. Bb5 Bd7 5. Nf3 a6 6. Bxc6 Bxc6 7. 0-0 Nf6 8. d3 g6 9. Qe1 Bg7 10. f5 Qb6 11. e5 dxe5 12. Nxe5 0-0 13. Be3 Nd5 14. Nxd5 Bxd5 15. Nd7 Qxb2 16. f6 Bxf6 17. Rxf6 exf6 18. Rb1 Qxc2 19. Nxf6+ Kg7 20. Nxd5 b5 21. Qf1 f5 22. Nc7 Qxa2 23. Nxa8 Rxa8 24. Bxc5 Re8 25. Re1 Re6 26. Rxe6 Qxe6 27. Kf2 Kf7 28. Qa1 Qd5 29. d4 Qe4 30. Qa2+ Kf6 31. Qxa6+ 1-0

[Event "Llinars del Valles op-A 9th"]
[Site "Llinars del Valles"]
[Date "2015.05.30"]
[Round "7"]
[White "Pellicer Roncero, Nestor"]
[Black "Lafuente Calvillo, Andrea"]
[Result "1-0"]
[WhiteElo "1843"]
[BlackElo "1833"]
[PlyCount "103"]
[EventDate "2015.04.11"]
[EventType "swiss"]
[EventRounds "9"]
[EventCountry "ESP"]
[SourceTitle "EXT 2016"]
[Source "ChessBase"]
[SourceDate "2015.10.08"]
[SourceVersion "1"]
[SourceVersionDate "2015.10.08"]
[SourceQuality "1"]

1. d4 d5 2. Nf3 Nf6 3. c4 e6 4. g3 Be7 5. Bg2 0-0 6. 0-0 Nbd7 7. Nc3 c6 8. Nd2 b6 9. Re1 Bb7 10. b3 Rc8 11. e4 dxe4 12. Ndxe4 Nxe4 13. Nxe4 Nf6 14. Be3 Nxe4 15. Bxe4 Bf6 16. Rc1 Qe7 17. Qf3 Rfd8 18. Red1 g6 19. b4 Ba6 20. c5 Bg7 21. h4 h6 22. Rc2 Qf6 23. a3 Qxf3 24. Bxf3 f5 25. Rcd2 Kf7 26. Bf4 Bf8 27. Be2 Bb7 28. Bc4 Re8 29. Re2 b5 30. Bb3 Rcd8 31. Rde1 Bc8 32. Be5 Bd7 33. a4 a6 34. axb5 axb5 35. Ra1 Ra8 36. Rea2 Rxa2 37. Rxa2 Rc8 38. Ra7 Ke8 39. Bf6 Be7 40. Bxe6 Rd8 41. Bxe7 Kxe7 42. Bb3 Kf6 43. d5 cxd5 44. Bxd5 Be8 45. Bg2 Rd1+ 46. Kh2 Rd4 47. c6 Rxb4 48. c7 Bd7 49. Bc6 Be6 50. Ra8 Rb2 51. Rf8+ Kg7 52. Re8 1-0

[Event "Catalunya-ch U16"]
[Site "Vila Seca"]
[Date "2011.04.17"]
[Round "2.1"]
[White "Tallo Dominguez, Imar"]
[Black "Pellicer Roncero, Nestor"]
[Result "1-0"]
[WhiteElo "2204"]
[BlackElo "1812"]
[PlyCount "79"]
[EventDate "2011.04.16"]
[EventType "swiss"]
[EventRounds "8"]
[EventCountry "ESP"]
[SourceTitle "EXT 2015"]
[Source "ChessBase"]
[SourceDate "2014.11.20"]
[SourceVersion "1"]
[SourceVersionDate "2014.11.20"]
[SourceQuality "1"]

1. e4 c6 2. d4 d5 3. e5 Bf5 4. Nf3 e6 5. Be2 c5 6. c3 Nc6 7. a3 Qb6 8. b4 cxd4 9. cxd4 Rc8 10. 0-0 Nge7 11. Bb2 Ng6 12. g3 Be7 13. Nc3 0-0 14. Na4 Qd8 15. Rc1 f6 16. h4 fxe5 17. h5 Nh8 18. dxe5 Nf7 19. Nc5 Bxc5 20. Rxc5 Qe7 21. Qc1 Qd7 22. Qe3 Bg4 23. Nd4 Bxe2 24. Nxe2 b6 25. Rcc1 Nh6 26. Nf4 Rf5 27. Qe2 Rd8 28. Rfe1 d4 29. Qb5 Nxe5 30. Qxd7 Rxd7 31. Kf1 Kf7 32. Re4 Rd6 33. Bxd4 Nc6 34. Ba1 e5 35. b5 Nd4 36. Rc7+ Kf6 37. Nd3 Nf7 38. Nxe5 Nxe5 39. Bxd4 Re6 40. f4 1-0

[Event "Roncana op 4th"]
[Site "Santa Eulalia de Roncana"]
[Date "2010.11.13"]
[Round "7"]
[White "Pellicer Roncero, Nestor"]
[Black "Herms Agullo, Jordi"]
[Result "0-1"]
[WhiteElo "1747"]
[BlackElo "2098"]
[PlyCount "94"]
[EventDate "2010.10.02"]
[EventType "swiss"]
[EventRounds "9"]
[EventCountry "ESP"]
[SourceTitle "EXT 2012"]
[Source "ChessBase"]
[SourceDate "2011.11.24"]
[SourceVersion "1"]
[SourceVersionDate "2011.11.24"]
[SourceQuality "1"]

1. e4 d5 2. exd5 Nf6 3. d4 Bg4 4. Bb5+ c6 5. dxc6 Qa5+ 6. Nc3 Nxc6 7. f3 Bf5 8. Nge2 0-0-0 9. Bxc6 bxc6 10. 0-0 e5 11. Be3 Bc5 12. Ne4 Nxe4 13. fxe4 Bxe4 14. Rxf7 Bg6 15. Rf1 Rhe8 16. Bd2 Bxd4+ 17. Nxd4 Qb6 18. Qg4+ Kb7 19. Qf3 exd4 20. Qb3 Qxb3 21. cxb3 Re2 22. Rf2 Rde8 23. Raf1 Kb6 24. Rxe2 Rxe2 25. Rf2 Re8 26. Rf1 Kc5 27. Re1 Rxe1+ 28. Bxe1 Bb1 29. a3 Bc2 30. Bb4+ Kd5 31. Kf1 c5 32. Be1 Bxb3 33. Ke2 Bc4+ 34. Kd2 Bf1 35. g4 Bh3 36. g5 g6 37. Bg3 a6 38. b3 Bf5 39. Bc7 Kc6 40. Be5 Be6 41. b4 Kd5 42. Bf6 c4 43. a4 c3+ 44. Kc2 Kc4 45. Be7 d3+ 46. Kc1 d2+ 47. Kc2 Bf5+ 0-1

[Event "Roncana op 4th"]
[Site "Santa Eulalia de Roncana"]
[Date "2010.10.02"]
[Round "1"]
[White "Pellicer Roncero, Nestor"]
[Black "Lopez Santana, Oscar"]
[Result "1/2-1/2"]
[WhiteElo "1747"]
[BlackElo "2162"]
[PlyCount "56"]
[EventDate "2010.10.02"]
[EventType "swiss"]
[EventRounds "9"]
[EventCountry "ESP"]
[SourceTitle "EXT 2012"]
[Source "ChessBase"]
[SourceDate "2011.11.24"]
[SourceVersion "1"]
[SourceVersionDate "2011.11.24"]
[SourceQuality "1"]

1. e4 e6 2. c4 d5 3. exd5 exd5 4. cxd5 Nf6 5. Bb5+ Nbd7 6. Nc3 Be7 7. Nf3 0-0 8. Bc4 a6 9. Qc2 b5 10. Bb3 Nb6 11. 0-0 Bb7 12. Nd4 Nfxd5 13. Nf5 c5 14. Qe4 c4 15. Bc2 g6 16. Nxd5 Nxd5 17. Nxe7+ Qxe7 18. Qxe7 Nxe7 19. d3 cxd3 20. Bxd3 Rfd8 21. Bc2 Nc6 22. Be4 Rd4 23. Bf3 Na5 24. Be3 Rc4 25. Bxb7 Nxb7 26. Rac1 Rac8 27. Rxc4 Rxc4 28. Rc1 Rxc1+ 1/2-1/2

[Event "Llinars del Valles op-B 4th"]
[Site "Llinars del Valles"]
[Date "2010.05.08"]
[Round "5"]
[White "Pellicer Roncero, Nestor"]
[Black "Corretja Torrens, Jordi"]
[Result "1-0"]
[WhiteElo "1700"]
[BlackElo "1867"]
[PlyCount "53"]
[EventDate "2010.04.10"]
[EventType "swiss"]
[EventRounds "7"]
[EventCountry "ESP"]
[SourceTitle "EXT 2012"]
[Source "ChessBase"]
[SourceDate "2011.11.24"]
[SourceVersion "1"]
[SourceVersionDate "2011.11.24"]
[SourceQuality "1"]

1. e4 c6 2. c4 d5 3. exd5 cxd5 4. cxd5 Qxd5 5. Nc3 Qd8 6. Nf3 Nf6 7. Bc4 e6 8. d4 Be7 9. 0-0 0-0 10. Bf4 Nbd7 11. Nb5 Nb6 12. Bc7 Qd7 13. Ne5 Qe8 14. Bxb6 Nd5 15. Bc5 Bxc5 16. dxc5 a6 17. Nd6 Qe7 18. Re1 Nf4 19. Qf3 Qg5 20. Re4 Ng6 21. Qg3 Qd2 22. Re2 Qd4 23. Qe3 Qh4 24. Nxg6 hxg6 25. Qe4 Qg5 26. Qe5 Qg4 27. Re4 1-0

[Event "Llinars del Valles op 3rd"]
[Site "Llinars del Valles"]
[Date "2009.05.02"]
[Round "3"]
[White "Escobar Figueroa, Sandra"]
[Black "Pellicer Roncero, Nestor"]
[Result "1-0"]
[WhiteElo "1781"]
[BlackElo "1665"]
[PlyCount "65"]
[EventDate "2009.04.18"]
[EventType "swiss"]
[EventRounds "7"]
[EventCountry "ESP"]
[SourceTitle "EXT 2011"]
[Source "ChessBase"]
[SourceDate "2010.11.26"]
[SourceVersion "1"]
[SourceVersionDate "2010.11.26"]
[SourceQuality "1"]

1. e4 d6 2. d4 g6 3. Nf3 a6 4. Bd3 Bg7 5. c3 Nd7 6. 0-0 b5 7. a3 Bb7 8. Nbd2 c5 9. d5 c4 10. Bc2 Nh6 11. h3 0-0 12. Re1 f5 13. Ng5 Nc5 14. exf5 Nxf5 15. Nde4 Nxe4 16. Bxe4 Bc8 17. Bf3 h6 18. Ne6 Bxe6 19. Rxe6 g5 20. Qe2 Ra7 21. Be3 Nxe3 22. Qxe3 Rb7 23. Re1 Bf6 24. Qe4 Rf7 25. Qg6+ Bg7 26. Be4 Qb6 27. Re2 a5 28. Qh7+ Kf8 29. Rxh6 Bxc3 30. Qg6 Bf6 31. Bf5 Bg7 32. Be6 Rf6 33. Rh8+ 1-0